Кн. 2; Д. Шостакович. Жизнь и творчество

Dades bibliogràfiques
Parent link:Д. Шостакович. Жизнь и творчество: монография/ С. М. Хентова. Кн. 2.— , 1985-
Idioma:rus
Publicat: 1986
Matèries:
Format: MixedMaterials Llibre
KOHA link:https://koha.lib.tpu.ru/cgi-bin/koha/opac-detail.pl?biblionumber=266188

MARC

LEADER 00000nam2a2200000 4500
001 266188
005 20231101234000.0
035 |a (RuTPU)RU\TPU\book\289192 
090 |a 266188 
100 |a 20140703d1986 km y0rusy50 ca 
101 0 |a rus 
102 |a RU 
105 |a a z 001zb 
200 0 |a Кн. 2 
210 |d 1986 
215 |a 624 с.  |c ил. 
320 |a Библиогр. в примеч. 
320 |a Хронограф: с. 596-623 
461 1 |0 (RuTPU)RU\TPU\book\331454  |t Д. Шостакович. Жизнь и творчество  |o монография  |o в 2 кн.  |f С. М. Хентова  |v Кн. 2  |d 1985- 
600 1 |a Шостакович  |b Д. Д.  |c русский композитор  |f 1906-1975  |g Дмитрий Дмитриевич  |2 stltpush  |3 (RuTPU)RU\TPU\pers\11080  |9 2455 
606 1 |a Композиторы  |2 stltpush  |3 (RuTPU)RU\TPU\subj\15032  |9 41330 
610 1 |a биографии 
610 1 |a персоналии 
610 1 |a жизнь 
610 1 |a творчество 
610 1 |a симфонии 
610 1 |a симфоническая музыка 
610 1 |a музыка 
675 |a 78.071.1  |v 3 
801 1 |a RU  |b 63413507  |c 20140703 
801 2 |a RU  |b 63413507  |c 20170216  |g RCR 
942 |c BK